000 003270000a22000970004500
100 1 _aAdkins, Gene
245 1 0 _aThe committe on the holy spirit and frontier mission : An ongoing dialogue and a coming envent
300 _aVol. 2, Núm 1 (1985), Páginas 53-59
773 0 _tInternational Journal of Frontier Misions
942 _cANA
999 _c55114
_d55114